| 000 | 00383nam a2200133Ia 4500 | ||
|---|---|---|---|
| 005 | 20210429153917.0 | ||
| 008 | 210429s9999 xx 000 0 und d | ||
| 082 | _aMTL-MS AL/BL | ||
| 100 |
_aSyed Sarim Ali _954737 |
||
| 245 | _aSynthesis &Characterization of Polyurethanc Structural Material for Aerospace | ||
| 260 |
_aISLAMABAD _bSCME _c2009 |
||
| 300 | _a98P | ||
| 942 |
_2ddc _cREF |
||
| 999 |
_c561147 _d561147 |
||